Piotr Michałowski

Titel: Piotr Michałowski / Anna Zeńczak
Verfasser:
Ausgabe: Wyd. 1
Veröffentlicht: Wrocław : Wydawnictwo Dolnośląskie, 2002
Umfang: 79 S. : Ill. ; 24 cm
Format: Buch
Sprache: Polnisch
Schriftenreihe/
mehrbändiges Werk:
W Zwierciadle Sztuki
ISBN: 8370239471
Buchumschlag
X
alg: 35779293
001A    $03004:08-04-15 
001B    $01999:13-08-15 $t16:15:43.000 
001C    $03004:24-04-15 $t11:13:45.000 
001D    $03004:24-04-15 
001U    $0utf8 
001X    $00 
002@    $0Aau 
003@    $0357792939 
004A    $083-7023-947-1 
007A    $0357792939 $aHEB 
007G    $0DE020B3965BC5F32CF128C1257E3B004EC102 
009P    $qapplication/pdf $A2 $3Inhaltsverzeichnis $uhttp://scans.hebis.de/HEBCGI/show.pl?35779293_toc.pdf $mV:DE-603;B:DE-Mb50 
010@    $apol 
011@    $a2002 
021A    $a@Piotr Michałowski $hAnna Zeńczak 
028A    $7133825310 $8Zeńczak, Anna [Tp1] $9194346277 
032@    $aWyd. 1 
033A    $pWrocław $nWydawnictwo Dolnośląskie 
034D    $a79 S. 
034I    $a24 cm 
034M    $aIll. 
036G    $aW Zwierciadle Sztuki 

lok: 35779293 24

exp: 35779293 24 1 #EPN
201B/01 $024-04-15 $t11:15:26.000 
201C/01 $008-04-15 
201U/01 $0utf8 
203@/01 $0753075172 
208@/01 $a24-04-15 $bz 
209A/01 $a15.03606 $du $f050 $h15 03606 $x00 
209C/01 $a15.03606 K $h15 03606 K 
209G/01 $a73518423 $x00 
220C/01 $awal 
244Z/01 $#Michalowski, Piotr $7118733680 $8--Tp1--Michałowski, Piotr$Z1800-1855 $x01 $9087074427 
247C/01 $8358050-7 Marburg, Bibliothek des Herder-Instituts Marburg $9102600961 

lok: 35779293 78

exp: 35779293 78 1 #EPN
201B/01 $006-12-21 $t12:49:16.000 
201C/01 $006-12-21 
201U/01 $0utf8 
203@/01 $01174059974 
208@/01 $a06-12-21 $be 
209A/01 $a/ $f000 $x00 
209A/01 $ab*p $x01 
220C/01 $aeja 
244Z/01 $#Generalgouvernement Polen $#Polska $#Rzeczpospolita Polska $#Polska Rzeczpospolita Ludowa $#Poland $#Pologne $#République Polonaise $#Generalne Gubernatorstwo w Polsce $#Polish People's Republic $#Polska Rzeczpospolita Polen $#PRL $#RP $#Polen Generalgouvernement $#Polska Generalgouvernement $#Besetzte Polnische Gebiete $#Besetztes Gebiet in Polen $#Okupowane Polskie Obszary $#Obszary Okupowane w Polsce $#Volksrepublik Polen $#Polska Rosyjska $#Republic Polen $#Respublika Pol'ša $#Pol'skaja Narodnaja Respublika $#République de Pologne $#Polen Links der Weichsel $#Polska po Lewej Stronie Wisły $#Lenkija $#Polija $#Gubernija Carstva Pol'skago $#Republik Polen $74046496-9 $8--Tg1--Polen $x01 $9085129801 
244Z/01 $#Painters $#Peintres $#Pittori $#Kunstmaler $#Kunstmaler $74037215-7 $8--Ts1--Maler $x20 $9085101249 
247C/01 $82080>Marburg/Lahn, Herder-Institut, Forschungsbibliothek, Bibliographieportal $9336309341
LEADER 00000cam a2200000 c 4500
001 357792939
003 DE-603
005 20150813161543.0
007 tu
008 150408s2002 xx |||| | u00||u|pol c
020 |a 8370239471 
035 |a (DE-599)HEB357792939 
040 |a DE-603  |b ger  |c DE-603  |d DE-603 
041 |a pol 
100 1 |a Zeńczak, Anna  |0 (DE-603)194346277  |0 (DE-588)133825310  |2 gnd 
245 0 0 |a Piotr Michałowski  |c Anna Zeńczak 
250 |a Wyd. 1 
264 1 |a Wrocław  |b Wydawnictwo Dolnośląskie  |c 2002 
300 |a 79 S.  |b Ill.  |c 24 cm 
490 0 |a W Zwierciadle Sztuki 
856 4 2 |m V:DE-603;B:DE-Mb50  |q application/pdf  |u http://scans.hebis.de/HEBCGI/show.pl?35779293_toc.pdf  |3 Inhaltsverzeichnis 
924 0 |9 Mb 50  |a (DE-603)753075172  |b DE-Mb50  |c HES  |d c  |g 15.03606 
924 0 |9 2080  |a (DE-603)1174059974  |b DE-2080  |c HES  |d d  |g /